书目信息 |
| 题名: |
电动自行车故障排除220例
|
|
| 作者: | 孙运生 编著 | |
| 分册: | ||
| 出版信息: | 北京 人民邮电出版社 2008 |
|
| 页数: | 11,192页 | |
| 开本: | 21cm | |
| 丛书名: | ||
| 单 册: | ||
| 中图分类: | U484.07 | |
| 科图分类: | ||
| 主题词: | 电动自行车--故障修复 , 电动自行车 | |
| 电子资源: | ||
| ISBN: | 978-7-115-17213-6 | |
| 000 | 00848nam0 2200229 450 | |
| 001 | 1553596749 | |
| 005 | 20150131145335.00 | |
| 010 | @a978-7-115-17213-6@dCNY13.00 | |
| 100 | @a20080118d2008 em y0chiy50 ea | |
| 101 | 0 | @achi |
| 102 | @aCN@b110000 | |
| 105 | @aa z 000yy | |
| 200 | 1 | @a电动自行车故障排除220例@9dian dong zi xing che gu zhang pai chu 220 li@f孙运生编著 |
| 210 | @a北京@c人民邮电出版社@d2008 | |
| 215 | @a11,192页@c图@d21cm | |
| 330 | @a本书详细地介绍了电动自行车各主要组成部分(蓄电池、电动机、充电器、控制器和车体等)的典型故障及其排除方法,共包括220个案例。书中所涉及的车型多为国内知名品牌的典型产品,具有一定的代表性。 | |
| 606 | 0 | @a电动自行车@x故障修复 |
| 606 | 0 | @a电动自行车 |
| 690 | @aU484.07@v5 | |
| 701 | 0 | @a孙运生@9sun yun sheng@c(家电维修)@4编著 |
| 801 | 0 | @aCN@bTSSF@c20150131 |
| 905 | @aZUCC@dU484.07@eJY13 | |
| 电动自行车故障排除220例/孙运生编著.-北京:人民邮电出版社,2008 |
| 11,192页:图;21cm |
| ISBN 978-7-115-17213-6:CNY13.00 |
| 本书详细地介绍了电动自行车各主要组成部分(蓄电池、电动机、充电器、控制器和车体等)的典型故障及其排除方法,共包括220个案例。书中所涉及的车型多为国内知名品牌的典型产品,具有一定的代表性。 |
| ● |
| 相关链接 |
|
|
|
|
正题名:电动自行车故障排除220例
索取号:U484.07/JY13
 
预约/预借
| 序号 | 登录号 | 条形码 | 馆藏地/架位号 | 状态 | 备注 |
| 1 | 7861444 | 278614448 | 学院路分馆/ [索取号:U484.07/JY13] | 在馆 | |
| 2 | 7861445 | 278614457 | 学院路分馆/ [索取号:U484.07/JY13] | 在馆 | |
| 3 | 7861446 | 278614466 | 学院路分馆/ [索取号:U484.07/JY13] | 在馆 |